00708 2200253 4500001002100000005001700021008004100038020002200079035002500101040001200126082001400138084001600152100001800168245008500186250001100271260003300282300002300315504003100338650001100369700002600380850001200406990001800418990001800436INLIS00000000001209720150929101957.0  a978-602-978-723-8 a0010-091500000000610 aYOPDYOG 223a650.1 a650.1 Yan K aYANUAR Arifin aKaya gila dengan broker propertic/ Yanuar Arifin; Editor, Putri Erine Nereswati aCet. 1 aJogjakartabDiva Pressc2011 a176 hlm.c; 20 cm. aBibliografi : hlm. 175-176 aBisnis aPUTRI Erine Nareswati aYOPDYOG a50359-PD/A.15 a50360-PD/A.15